Tudors Quiz - Statistics

General Stats
  • This quiz has been taken 47 times
  • The average score is 9 of 40
Answer Stats
Hint Answer % Correct
Monarch who ruled from 1485-1509 Henry VII
100%
Which monarch had six wives Henry VIII
100%
Who was known as the virgin queen Elizabeth
93%
Who married a Spanish king Mary
70%
Mary's mum Catherine of Aragon
50%
Famous playwright under Elizabeth Shakespeare
43%
Famous person who circumnavigated globe Francis Drake
40%
What theater was he known for The globe
40%
Predecessor of Henry VII Richard III
33%
Famous battle which started tudor dynasty Battle of Bosworth
30%
What year was this passed 1534
20%
Henry VIII's main advisor at the start of his reign Thomas Wolsey
20%
When did Reginald Bray and Elizabeth of York die 1503
17%
What was act which declared Henry VIII head of church Act of Supremacy
17%
Who founded Roanoke colony Walter raleigh
17%
When did the first rebellion happen under Elizabeth 1569
13%
When did the second? 1601
13%
Who was Elizabeth's mum (full name) Anne Boelyn
13%
Spanish troop of ships name Spanish Armada
13%
Treaty under Henry VIII which brought 20 countries together Treaty of London
13%
What was another nickname for this queen Bess
10%
Richard III's sister Margaret of Burgundy
10%
Henry VII treaty with Spain name (included marriage of Arhur and Catherine) Treaty of Medina del Campo
10%
Key main advisor to Elizabeth William Cecil
10%
Rebellion against Henry 1525 name Amicable Grant Rebellion
7%
What was the name of the cardinal who sent to review Henry's case to marry Anne Boelyn (Cardinal X?) Cardinal Campeggio
7%
What college did he try and set up and where HINT: CCO Cardinal College Oxford
7%
Mary's faithful English cardinals name (Cardinal X?) Cardinal Pole
7%
What council was re-established as a permanent body under Henry VIII Council of the North
7%
Name of 9th Earl of Kildare (under Henry VIII) Gerald Fitzgerald
7%
What building does this rhyme refer to "more glass than wall" Hardwick hall
7%
Cloth trader who messed around with Henry VII name? Perkin Warbeck
7%
Who was a nun who disapproved of Henry and Anne Elizabeth Barton
3%
First plot under Elizabeth's reign Ridolfi plot
3%
What was the name of the strategy to try and marry Edward and Mary Queen of Scots Rough wooing
3%
Sailor who moved to spain under Henry VIII Sebastian Cabot
3%
What were the places the two dukes under Edward represented i.e. Duke of 'first/second' Somerset/Northumberland
3%
Rebellion under Mary called? Wyatt rebellion
3%
What is it called today Christchurch college Oxford
0%
Where did "luther" believers meet at start of Henry VIII reign White Horse pub Cambridge
0%
No matching quizzes found
Score Distribution
Percent of People with Each Score
Percentile by Number Answered
Your Score History
You have not taken this quiz